|
|
|
|
| LEADER |
00000nab a2200000 a 4500 |
| 001 |
vtls008423586 |
| 003 |
SK-MaSNL |
| 005 |
20260303065859.0 |
| 008 |
060112c20060111xo drz 0 0slo |
| 038 |
|
|
|a KEVKJB
|
| 040 |
|
|
|a KEVKJB
|b slo
|c KEVKJB
|e AACR2
|
| 041 |
0 |
|
|a slo
|
| 044 |
|
|
|a xo
|c SK
|
| 080 |
|
|
|a 796/799
|2 UDC-MRF-SK2
|
| 080 |
|
|
|a 336.5
|2 UDC-MRF-SK2
|
| 100 |
1 |
|
|a Némethová, Renáta
|4 aut
|9 826895
|
| 245 |
1 |
0 |
|a Mesto pomôže športu z rozpočtu
|b podľa schválenej koncepcie podporia športovcov, kluby i ihriská pre všetkých
|c Renáta Némethová
|
| 300 |
|
|
|b Fotogr.
|
| 610 |
1 |
7 |
|a Košice (Slovensko).
|b Mestské zastupiteľstvo
|2 kevkjb
|9 94952
|
| 650 |
0 |
7 |
|a šport
|x financovanie
|2 kevkjb
|9 1066519
|
| 651 |
|
7 |
|a Košice (Slovensko)
|2 kevkjb
|9 18694
|
| 773 |
0 |
|
|t Košický denník Korzár
|g Roč. IX, č. 8 (11.1.2006), s. 2
|x 1335-4566
|
| 852 |
|
|
|a KEVKJB
|b KIS3GCP
|
| 999 |
|
|
|c 1753119
|d 1755049
|